01345nam a2200241Ia 4500001001100000003001000011008004100021040002500062041001300087100002900100245010700129250001100236260006600247300001200313500020400325501011400529520020400643650003800847942000700885957000600892999004300898952016200941L852-36343IT-CnALBA170116s9999||||xx |||||||||||||| ||und|| aIT-CnALBAcIT-CnALBA aITALIANO aMETASTASIO PIETRO, ABATE 0aOPERE... DI PIETRO METASTASIO. TOMO IV. CON L'AGGIUNTA DELLA VITA E OPERE INEDITE. CATONE IN UTICA...  a2a ed. a VENEZIAbZATTA ANTONIO E FIGLI STAMP. c1794 [1° Ed.: n.d.] a315 p.  a... DEMOFOONTE. ALESSANDRO NELLE INDIE. L'ASILO D'AMORE. LA PACE TRA LA VIRTÙ E LA BELLEZZA. VENERE E AMORE. LE CINESI. ISACCO FIGURA DEL REDENTORE. LA PUBBLICA FELICITÀ. LA STRADA DELLA GLORIA.  aSocietà San Paolo EM - Piazza San Paolo, 14 - 12051 ALBA (CN) (non commercial uses only) ® Copyright 2017 a... DEMOFOONTE. ALESSANDRO NELLE INDIE. L'ASILO D'AMORE. LA PACE TRA LA VIRTÙ E LA BELLEZZA. VENERE E AMORE. LE CINESI. ISACCO FIGURA DEL REDENTORE. LA PUBBLICA FELICITÀ. LA STRADA DELLA GLORIA.  aLETTERATURA DRAMMATICA E COMMEDIA cBK 71 a41115bSI g Copie: 1 c295150d295150 0010406L_8523634371aALBAbALBAd2017-01-16l0oL852-36343r2017-01-16 00:00:00w2017-01-16yBKz(data import: 16 gennaio 2017) - By Epidotti, Vaglietti.